Elenca la formazione - Quiz n°207 - Statistics

Statistiche generali
  • Questo quiz è stato fatto 37 volte
  • Il punteggio medio è 9 su 11
Statistiche sulle risposte
Ruolo Nazione Calciatore % Corretto
Portiere Germania Manuel Neuer
97%
Ala Paesi Bassi Arjen Robben
94%
Difensore Austria David Alaba
94%
Trequartista Germania Thomas Müller
94%
Ala Francia Franck Ribéry
91%
Attaccante Croazia Mario Mandžukić
91%
Difensore Germania Philipp Lahm
86%
Difensore Brasile Dante
83%
Difensore Germania Jérôme Boateng
80%
Centrocampista Germania Bastian Schweinsteiger
69%
Centrocampista Spagna Javi Martínez
69%
Nessun quiz corrispondente trovato
Distribuzione punteggi
Percentuale di utenti per punteggio
Percentile per numero di risposta
I tuoi punteggi nel tempo
Non hai fatto questo quiz